Sports Quiz

Random Sports or Tennis Quiz

Wimbledon Winners Quiz Stats

 Plays Quiz Updated Jul 14, 2019

Score 0/120 Timer 10:00
4 Plays Today
Year Champion % Correct
Gentlemen's Singles Roger Federer
97.1%
Gentlemen's Singles Roger Federer
97.1%
Gentlemen's Singles Roger Federer
97.1%
Gentlemen's Singles Roger Federer
97.1%
Gentlemen's Singles Roger Federer
97.1%
Gentlemen's Singles Roger Federer
96.6%
Gentlemen's Singles Roger Federer
96.4%
Ladies' Singles Serena Williams
95%
Ladies' Singles Serena Williams
95%
Ladies' Singles Serena Williams
95%
Ladies' Singles Serena Williams
94.5%
Ladies' Singles Serena Williams
94.5%
Ladies' Singles Venus Williams
94.4%
Ladies' Singles Venus Williams
94.4%
Ladies' Singles Venus Williams
94.4%
Ladies' Singles Venus Williams
94.4%
Gentlemen's Singles Pete Sampras
93.1%
Gentlemen's Singles Pete Sampras
93.1%
Gentlemen's Singles Pete Sampras
93.1%
Gentlemen's Singles Pete Sampras
93.1%
Gentlemen's Singles Pete Sampras
93.1%
Gentlemen's Singles Pete Sampras
93.1%
Gentlemen's Singles Pete Sampras
93.1%
Gentlemen's Singles Rafael Nadal
92.9%
Gentlemen's Singles Novak Djokovic
92.7%
Ladies' Singles Venus Williams
92.6%
Gentlemen's Singles Novak Djokovic
89.5%
Gentlemen's Singles Andy Murray
89.4%
Gentlemen's Singles Novak Djokovic
89.1%
Gentlemen's Singles Novak Djokovic
88.8%
Gentlemen's Singles Andy Murray
87.9%
Gentlemen's SinglesJohn McEnroe
87.5%
Gentlemen's SinglesJohn McEnroe
87.5%
Gentlemen's SinglesJohn McEnroe
87.5%
Gentlemen's SinglesBjörn Borg
85.6%
Gentlemen's SinglesBjörn Borg
85.6%
Gentlemen's SinglesBjörn Borg
85.6%
Gentlemen's SinglesBjörn Borg
85.6%
Gentlemen's SinglesBjörn Borg
85.6%
Gentlemen's Singles Andre Agassi
85.5%
Year Champion % Correct
Gentlemen's Singles Roger Federer
82.2%
Ladies' Singles Serena Williams
80%
Ladies' SinglesSteffi Graf
79.6%
Ladies' SinglesSteffi Graf
79.6%
Ladies' Singles Steffi Graf
79.6%
Ladies' Singles Steffi Graf
79.6%
Ladies' Singles Steffi Graf
79.6%
Ladies' Singles Steffi Graf
79.6%
Ladies' Singles Steffi Graf
79.6%
Ladies' SinglesMartina Navrátilová
79.1%
Ladies' SinglesMartina Navrátilová
79.1%
Ladies' SinglesMartina Navrátilová
79.1%
Ladies' SinglesMartina Navrátilová
79.1%
Ladies' SinglesMartina Navrátilová
79.1%
Ladies' SinglesMartina Navrátilová
79.1%
Ladies' SinglesMartina Navrátilová
79.1%
Ladies' SinglesMartina Navrátilová
79.1%
Ladies' Singles Martina Navrátilová
79.1%
Gentlemen's SinglesBoris Becker
75.4%
Gentlemen's SinglesBoris Becker
75.4%
Gentlemen's SinglesBoris Becker
75.4%
Gentlemen's SinglesJimmy Connors
75%
Gentlemen's SinglesJimmy Connors
75%
Ladies' Singles Maria Sharapova
73.9%
Ladies' SinglesBillie Jean King
66.4%
Ladies' SinglesBillie Jean King
66.4%
Ladies' SinglesBillie Jean King
66.4%
Ladies' SinglesBillie Jean King
66.4%
Ladies' SinglesBillie Jean King
66.4%
Ladies' SinglesBillie Jean King
66.4%
Gentlemen's Singles Lleyton Hewitt
64.5%
Ladies' Singles Martina Hingis
63.5%
Gentlemen's SinglesRod Laver
63.4%
Gentlemen's SinglesRod Laver
63.4%
Gentlemen's SinglesRod Laver
63.4%
Gentlemen's SinglesRod Laver
63.4%
Ladies' SinglesChris Evert
63.4%
Ladies' SinglesChris Evert
63.4%
Ladies' SinglesChris Evert
63.4%
Ladies' Singles Serena Williams
63.2%
Year Champion % Correct
Gentlemen's Singles Rafael Nadal
63.2%
Gentlemen's SinglesArthur Ashe
59.4%
Ladies' Singles Simona Halep
57.4%
Gentlemen's SinglesStefan Edberg
56.2%
Gentlemen's Singles Stefan Edberg
56.2%
Ladies' Singles Lindsay Davenport
56%
Gentlemen's Singles Novak Djokovic
52.5%
Gentlemen's Singles Goran Ivanišević
51.7%
Ladies' SinglesMargaret Smith Court
48.8%
Ladies' SinglesMargaret Smith Court
48.8%
Ladies' SinglesMargaret Smith Court
48.8%
Ladies' Singles Angelique Kerber
47.6%
Gentlemen's SinglesPat Cash
46.1%
Ladies' Singles Petra Kvitova
45%
Ladies' Singles Marion Bartoli
44.7%
Ladies' Singles Amélie Mauresmo
43.6%
Ladies' Singles Garbine Muguruza
41.9%
Gentlemen's SinglesStan Smith
38.5%
Gentlemen's SinglesJohn Newcombe
38.3%
Gentlemen's SinglesJohn Newcombe
38.3%
Gentlemen's SinglesJohn Newcombe
38.2%
Ladies' SinglesVirginia Wade
37.9%
Ladies' SinglesEvonne Goolagong Cawley
37.9%
Ladies' SinglesEvonne Goolagong Cawley
37.9%
Gentlemen's Singles Michael Stich
35.4%
Gentlemen's Singles Richard Krajicek
33%
Ladies' Singles Jana Novotná
30.2%
Ladies' Singles Conchita Martínez
27.2%
Ladies' Singles Petra Kvitová
26.4%
Gentlemen's SinglesRoy Emerson
24.5%
Gentlemen's SinglesRoy Emerson
24.5%
Ladies' SinglesAnn Haydon Jones
22%
Ladies' SinglesMaria Bueno
18.8%
Ladies' SinglesMaria Bueno
18.9%
Gentlemen's SinglesJan Kodeš
16.4%
Gentlemen's SinglesManolo Santana
14.1%
Gentlemen's SinglesNeale Fraser
12%
Gentlemen's SinglesChuck McKinley
9.2%
Ladies' SinglesAngela Mortimer
8%
Ladies' SinglesKaren Hantze Susman
8%

You're not logged in!

Compare scores with friends on all Sporcle quizzes.
OR
Log In

Sporcle TV

Today on Sporcle TV


Watch our educational content, quiz creation guides, and fun videos on Sporcle TV.

Show Comments

Extras

Top Quizzes Today


Score Distribution

Your Account Isn't Verified!

In order to create a playlist on Sporcle, you need to verify the email address you used during registration. Go to your Sporcle Settings to finish the process.

Report this User

Report this user for behavior that violates our Community Guidelines.

Details: